Roblox Arsenal Weapons Quiz (with images) - Statistics

General Stats
  • This quiz has been taken 35 times
    34 since last reset
  • The average score is 35 of 177
Answer Stats
Picture Answer % Correct
AWP
63%
Barrett
56%
Musket
56%
PIZZA
48%
Bomb
44%
Trash Can
44%
AK-47
41%
AUG
41%
Water Balloon
41%
BAR
37%
Bow
37%
Crossbow
37%
FAMAS
37%
Golden Gun
37%
Henry Rifle
37%
Hush Puppy
37%
Minigun
37%
Nailgun
37%
P90
37%
Snowball
37%
Grease Gun
33%
Paintball Gun
33%
Potassium Power
33%
Railgun
33%
Spencer Carbine
33%
Concussion Rifle
30%
Deagle
30%
Firework Launcher
30%
Flamethrower
30%
Golden Bomb
30%
Golden Bow
30%
Golden Musket
30%
Literal Gun
30%
MAC-10
30%
Origami Gun
30%
Ornament
30%
Peppermint Rifle
30%
Rocket Launcher
30%
Slingshot
30%
AK-74
26%
Arm Cannon
26%
Baseball Launcher
26%
Blunderbuss
26%
Classic Sniper
26%
DBS
26%
DB Shotgun
26%
Golden Hush Puppy
26%
M1 Garand
26%
M40
26%
Minifigure
26%
Nutcracker
26%
Sako 85
26%
SPAS 12
26%
Spellbook
26%
Springfield Rifle
26%
Stake Launcher
26%
Tommy Gun
26%
TP Launcher
26%
Vector
26%
AA12
22%
Acid Spitter
22%
Cone Launcher
22%
Electric Revolver
22%
Handcannon
22%
Mosin Nagant
22%
Peppergun
22%
Pulse Musket
22%
Pump Shotgun
22%
RPG
22%
SCAR-L
22%
SKS
22%
Squeaky Hammer
22%
STEN
22%
UZI
22%
Windicator
22%
AKM
19%
Explosive Barrel
19%
G-11
19%
Galil
19%
Gatling Gun
19%
Kolibri
19%
Lever Shotgun
19%
Lightning Cannon
19%
Luger
19%
M4A1
19%
Micro Uzis
19%
PPSH
19%
Python
19%
SCAR-H
19%
Soul Pistol
19%
TEC-9
19%
Trench Gun
19%
Webley
19%
Autobow
15%
Calico
15%
Candy Cane Miniguns
15%
Classic Crossbow
15%
Classic RPG
15%
Dispenser
15%
Dragunov
15%
FN-FAL
15%
Focus
15%
G3
15%
G36
15%
Ice Stars
15%
Laser Rifle
15%
Little Tom
15%
M14
15%
M14 EBR
15%
M1A1 Carbine
15%
M1A1 Paratrooper
15%
Mauser Carbine
15%
Maxim-9
15%
MK18
15%
Mossberg 500
15%
Pocket Potassium
15%
Presents
15%
PRISMAS
15%
Razor Bomb
15%
Sunflower Sun
15%
Superball
15%
Dual Shotguns
11%
Dual Volcanics
11%
Falkor
11%
FMG-9
11%
G-18
11%
G-19X
11%
G-21
11%
L86A3
11%
M16A1
11%
M16A2
11%
M60
11%
M79
11%
MAG-7
11%
Makarov
11%
MAT-49
11%
Model 635
11%
MP5
11%
MP7
11%
P250
11%
Pathbringer
11%
Peacemaker
11%
Pulse Laser
11%
Tavor
11%
TOZ-106
11%
Ultraball
11%
ABS Rifle
7%
AR-PDW
7%
BH10
7%
Chord Tosser
7%
DB Chauchat
7%
Dual LCRs
7%
EM249
7%
G3SG1
7%
Hi-Power
7%
Inertial Shotgun
7%
M1911
7%
M249
7%
M9
7%
MG36
7%
MG42
7%
MGL
7%
MP5K
7%
MP9-S
7%
MS556
7%
Oddball
7%
PP-Bizon
7%
R-800
7%
USP
7%
XM1014
7%
XR15
7%
Z80
7%
Armament
4%
M1919A6 Machine Gun
4%
Plasma Launcher
4%
RJL Breach
4%
SG550
4%
No matching quizzes found
Score Distribution
Percent of People with Each Score
Percentile by Number Answered
Your Score History
You have not taken this quiz since the last reset